| 000 | 00989nac a22002291u 4500 | ||
|---|---|---|---|
| 010 | _a88039898 | ||
| 020 | _a0408037776 | ||
| 082 | 0 | 0 |
_a363.7 _bT648 |
| 090 |
_c1424 _d1424 |
||
| 100 | _a20080729 | ||
| 245 | 0 | 0 |
_aEvolving environmental perceptions : _bfrom Stockholm to Nairobi / _cedited by Mostafa Kamal Tolba. |
| 260 |
_aLondon ; _aBoston : _bButterworths, _c1988. |
||
| 300 |
_axii, 458 p. ; _c25 cm. |
||
| 500 | _aOn cover: United Nations Environment Programme. | ||
| 500 | _aIncludes documents from the United Nations Conference on the Human Environment, held in Stockholm in 1972 and other follow-up meetings. | ||
| 500 | _aIncludes index. | ||
| 650 | 0 | _aEnvironmental policy. | |
| 700 | 1 | _aTolba, Mostafa Kamal. | |
| 710 | 2 | _aUnited Nations Environment Programme. | |
| 942 |
_cBB _k363.7T648 |
||
| 999 |
_c1424 _d1424 |
||